| 000 | 00604nam a22002297a 4500 | ||
|---|---|---|---|
| 003 | OSt | ||
| 005 | 20220107122719.0 | ||
| 008 | 130817b xxu||||| |||| 00| 0 eng d | ||
| 020 | _a9780072919301 | ||
| 020 | _a0072919302 | ||
| 040 | _cIIITM-K | ||
| 082 | _a576.5 HAR/G | ||
| 100 |
_aHartwell, Leland H et.al _91622 |
||
| 245 |
_aGenetics: _bFrom genes to genomes _cby Leland H Hartwell et.al |
||
| 250 | _a2nd edition. | ||
| 260 |
_aNew York, _bMc Graw-Hill, _c2004. |
||
| 300 | _axxvii, 865p. | ||
| 650 |
_aGENETICS _91623 |
||
| 650 |
_aGENES _91624 |
||
| 650 |
_aGENOMES _91625 |
||
| 942 |
_2ddc _cBK |
||
| 999 |
_c3198 _d3198 |
||